Normal view
MARC view
- Levin, Rich
Entry Personal Name
001 - CONTROL NUMBER
- control field: 57885
003 - CONTROL NUMBER IDENTIFIER
- control field: NUST
005 - DATE AND TIME OF LATEST TRANSACTION
- control field: 20210628202019.0
008 - FIXED-LENGTH DATA ELEMENTS
- fixed length control field: 210628|| aca||aabn | a|a d
040 ## - CATALOGING SOURCE
- Original cataloging agency: NUST
- Transcribing agency: NUST
100 ## - HEADING--PERSONAL NAME
- Personal name: Levin, Rich
670 ## - SOURCE DATA FOUND
- Source citation: Work cat.: (NUST): Levin, Rich, Guide to microsoft windows me, millennium edition, 2001
